Geography Quiz

Random Geography or State Quiz

Ultimate Geography Challenge 'F' Quiz Stats

 Plays Quiz Updated Sep 1, 2016

Challenge
Share
Tweet
Embed
Score 0/7 Timer 01:30
42 Plays Today
% Correct
Florida
94.5%
France
89.8%
Finland
87.2%
Fiji
81.8%
Frankfort
61.3%
Funafuti
41.8%
Freetown
40.9%

You're not logged in!

Compare scores with friends on all Sporcle quizzes.
OR
Log In

You Might Also Like...

Show Comments

Extras

Top Quizzes Today


Score Distribution

Your Account Isn't Verified!

In order to create a playlist on Sporcle, you need to verify the email address you used during registration. Go to your Sporcle Settings to finish the process.

Report this User

Report this user for behavior that violates our Community Guidelines.

Details: